000
00312nam a2200097Ia 4500
001
657290
005
20250826154612.0
008
250824s9999 xx 000 0 und d
245
0
_a
Arkadaşlığın Matematiği Bir Öğretmen ile Öğrencinin Matematik Hakkın
_c
Steven Strogatz
260
_b
TÜBİTAK YAYINLARI
999
_c
657290
_d
657290